Discursos al Consejo de Indias / (Record no. 66680)

MARC details
000 -LEADER
campo de control de longitud fija 01139nam a2200289 i 4500
001 - NÚMERO DE CONTROL
campo de control 66680
003 - IDENTIFICADOR DE NÚMERO DE CONTROL
campo de control ES-MaACL
005 - FECHA Y HORA DE LA ÚLTIMA TRANSACCIÓN
campo de control 20230906165756.0
007 - CAMPO FIJO DE DESCRIPCIÓN FÍSICA--INFORMACIÓN GENERAL
campo de control de longitud fija t|
008 - DATOS DE LONGITUD FIJA--INFORMACIÓN GENERAL
campo de control de longitud fija 030402r20021793sp |||| | spa d
020 ## - NÚMERO INTERNACIONAL ESTÁNDAR DEL LIBRO
Número Internacional Estándar del Libro 84-259-1219-9
080 ## - NÚMERO DE LA CLASIFICACIÓN DECIMAL UNIVERSAL
Número de la Clasificación Decimal Universal 354.12(460)
080 ## - NÚMERO DE LA CLASIFICACIÓN DECIMAL UNIVERSAL
Número de la Clasificación Decimal Universal 35(8=134.2)"17/18"
100 1# - ENTRADA PRINCIPAL--NOMBRE DE PERSONA
Nombre de persona Bajamar, Antonio Porlier
Títulos y otros términos asociados al nombre Marqués de.
9 (RLIN) 24753
245 10 - MENCIÓN DEL TÍTULO
Título Discursos al Consejo de Indias /
Mención de responsabilidad, etc. Marqués de Bajamar ; edición y estudio preliminar de Mª Soledad Campos Díez.
260 ## - PUBLICACIÓN, DISTRIBUCIÓN, ETC.
Lugar de publicación, distribución, etc. Madrid :
Nombre del editor, distribuidor, etc. Centro de Estudios Políticos y Constitucionales,
Fecha de publicación, distribución, etc. 2002.
300 ## - DESCRIPCIÓN FÍSICA
Extensión LXXI, 196 p. ;
Dimensiones 23 cm.
490 1# - MENCIÓN DE SERIE
Mención de serie Clásicos del pensamiento político y constitucional español
500 ## - NOTA GENERAL
Nota general Reprod. de discursos publicados entre 1793 y 1806.
610 2# - PUNTO DE ACCESO ADICIONAL DE MATERIA--NOMBRE DE ENTIDAD CORPORATIVA
Nombre de entidad corporativa o nombre de jurisdicción como elemento de entrada Consejo de Indias.
9 (RLIN) 175508
651 ## - PUNTO DE ACCESO ADICIONAL DE MATERIA--NOMBRE GEOGRÁFICO
Nombre geográfico América española-
Subdivisión general Administración.
9 (RLIN) 168386
700 1# - ENTRADA AGREGADA--NOMBRE PERSONAL
Nombre de persona Campos Díez, María Soledad.
9 (RLIN) 34266
710 2# - ENTRADA AGREGADA--NOMBRE DE ENTIDAD CORPORATIVA
Nombre de entidad corporativa o nombre de jurisdicción como elemento de entrada Centro de Estudios Políticos y Constitucionales (España)
9 (RLIN) 2666
830 0# - PUNTO DE ACCESO ADICIONAL DE SERIE-TÍTULO UNIFORME
Título uniforme Clásicos del pensamiento político y constitucional español
9 (RLIN) 180380
852 ## - LOCALIZACIÓN
Ubicación ES-MaACL
Número de control de estantería L-27147
Holdings
Estatus retirado Estado de pérdida Estado de daño No para préstamo Biblioteca de origen Biblioteca actual Ubicación en estantería Fecha de adquisición Fuente de adquisición Total de préstamos Signatura topográfica completa Código de barras Visto por última vez Precio de reemplazo Tipo de ítem Koha
        Biblioteca del Ateneo de Madrid Biblioteca del Ateneo de Madrid Depósito 2 17/01/2008     L-27147 1069845 23/02/2023 23/02/2023 Libro impreso